000 005220000a22001810004500
003 MACL
005 20160308150814.0
008 160308b xxu||||| |||| 00| 0 eng d
040 _aMACL
_cMACL
041 _aHindi
082 _a891.433
100 _aकौशिक विश्‍वंभरनाथ शर्मा
_943867
245 _aचित्रशाला
260 _bगंगा ग्रंथागार
_aलखनउ
350 _a3
650 _aStories
_943868
942 _cHIN
_k891.433
_2ddc
999 _c25184
_d25184